[Event "Titled Tuesday intern op 03rd Jan Late"]
[Site "Chess.com INT"]
[Date "2025.06.03"]
[Round "8"]
[White "Brancaleoni, Maurizio"]
[Black "Chekletsov, Ilya"]
[Result "1/2-1/2"]
[WhiteElo "2185"]
[BlackElo "2338"]
[PlyCount "118"]
[EventDate "2025.06.03"]
[EventType "swiss (blitz)"]
[EventRounds "11"]
[EventCountry "USA"]
[SourceTitle "CB24_2025"]
[SourceDate "2025.06.11"]
[SourceVersion "1"]
[SourceVersionDate "2025.06.11"]
[SourceQuality "1"]

1. Nf3 Nf6 2. c4 e6 3. b3 a6 4. Bb2 b5 5. e3 b4 6. Be2 Bb7 7. 0-0 a5 8. d3 Be7 9. e4 d6 10. Nbd2 e5 11. Qc2 c5 12. g3 Nc6 13. Nh4 Bc8 14. Bf3 h5 15. Bg2 g5 16. Nf5 Bxf5 17. exf5 Rc8 18. Bxc6+ Rxc6 19. Ne4 g4 20. f3 Kd7 21. a3 h4 22. axb4 hxg3 23. b5 gxh2+ 24. Kh1 Rc8 25. Nxf6+ Bxf6 26. fxg4 Qg8 27. Qg2 Rh4 28. g5 Qxg5 29. Qxg5 Bxg5 30. Rxa5 Rh3 31. Ra7+ Rc7 32. b6 Rxa7 33. bxa7 Rh8 34. Ra1 Ra8 35. Kxh2 Kc7 36. Kg3 Kb6 37. Kg4 Bf6 38. Kf3 Rxa7 39. Rxa7 Kxa7 40. Ke4 Kb6 41. Kd5 Kc7 42. Bc3 Kd7 43. Ba5 Bg5 44. Bb6 Be7 45. Ba7 Kc7 46. Ke4 Kb7 47. Kd5 Kxa7 48. Kc6 Ka6 49. Kd7 Bf8 50. Ke8 Bh6 51. Kxf7 Ka5 52. Kg6 Bf8 53. Kf7 Bh6 54. Kg6 Bf8 55. f6 Kb4 56. Kf7 Bh6 57. Kg6 Bf8 58. Kf7 Bh6 59. Kg6 Bf8 1/2-1/2

[Event "Titled Tuesday intern op 03rd Jan Late"]
[Site "Chess.com INT"]
[Date "2025.06.03"]
[Round "7"]
[White "Chekletsov, Ilya"]
[Black "Vifleemskaia, Svetlana"]
[Result "1-0"]
[WhiteElo "2338"]
[BlackElo "1942"]
[PlyCount "61"]
[EventDate "2025.06.03"]
[EventType "swiss (blitz)"]
[EventRounds "11"]
[EventCountry "USA"]
[SourceTitle "CB24_2025"]
[SourceDate "2025.06.11"]
[SourceVersion "1"]
[SourceVersionDate "2025.06.11"]
[SourceQuality "1"]

1. d4 Nf6 2. c4 e6 3. g3 Bb4+ 4. Nd2 b6 5. Bg2 d5 6. Qa4+ Bd7 7. Qxb4 Nc6 8. Qc3 0-0 9. Ngf3 Qe7 10. 0-0 a5 11. b3 h6 12. Bb2 a4 13. Rae1 a3 14. Ba1 Ne4 15. Nxe4 dxe4 16. Ne5 Nxe5 17. dxe5 Bc6 18. Qe3 Qb4 19. Bxe4 Bxe4 20. Qxe4 Qd2 21. Qb1 h5 22. h4 g5 23. hxg5 Qxg5 24. Kg2 Kg7 25. Rh1 Rh8 26. Rh4 Rad8 27. Bc3 Rh6 28. Reh1 c5 29. Qe4 Kf8 30. Qf4 Qg6 31. Qf6 1-0

[Event "Titled Tuesday intern op 06th May Early"]
[Site "Chess.com INT"]
[Date "2025.05.06"]
[Round "1"]
[White "Chekletsov, Ilya"]
[Black "Ho, In Hei Henry"]
[Result "1-0"]
[WhiteElo "2338"]
[BlackElo "1806"]
[PlyCount "41"]
[EventDate "2025.05.06"]
[EventType "swiss (blitz)"]
[EventRounds "11"]
[EventCountry "USA"]
[SourceTitle "CB20_2025"]
[SourceDate "2025.05.14"]
[SourceVersion "1"]
[SourceVersionDate "2025.05.14"]
[SourceQuality "1"]

1. e4 c6 2. d4 d5 3. f3 dxe4 4. fxe4 e5 5. Nf3 Bg4 6. Bc4 Nf6 7. Bxf7+ Kxf7 8. Nxe5+ Kg8 9. Nxg4 Nxg4 10. Qxg4 h5 11. Qe6+ Kh7 12. Be3 Be7 13. 0-0 Re8 14. Qf5+ Kg8 15. Qxh5 Nd7 16. e5 Qb6 17. Qf7+ Kh8 18. Rf3 Nf8 19. Rg3 g6 20. Rh3+ Nh7 21. Qxh7# 1-0

[Event "Titled Tuesday intern op 06th May Early"]
[Site "Chess.com INT"]
[Date "2025.05.06"]
[Round "5"]
[White "Piliposyan, Robert"]
[Black "Chekletsov, Ilya"]
[Result "1-0"]
[WhiteElo "2416"]
[BlackElo "2338"]
[PlyCount "85"]
[EventDate "2025.05.06"]
[EventType "swiss (blitz)"]
[EventRounds "11"]
[EventCountry "USA"]
[SourceTitle "CB20_2025"]
[SourceDate "2025.05.14"]
[SourceVersion "1"]
[SourceVersionDate "2025.05.14"]
[SourceQuality "1"]

1. c4 Nf6 2. Nc3 e6 3. e4 d5 4. e5 d4 5. exf6 dxc3 6. bxc3 Qxf6 7. Bd3 Be7 8. Nf3 h6 9. Bc2 0-0 10. d4 c5 11. Qe2 cxd4 12. cxd4 Bb4+ 13. Bd2 Bxd2+ 14. Qxd2 Nc6 15. Qe3 Qe7 16. 0-0 Nb4 17. Be4 Rb8 18. Rab1 Bd7 19. Ne5 Nc6 20. Nxd7 Qxd7 21. d5 exd5 22. cxd5 Ne5 23. Qxa7 f5 24. Bc2 Kh8 25. Qd4 Nc6 26. Qd2 Rfd8 27. Rfd1 Ne5 28. Qf4 Nf7 29. Bxf5 Qd6 30. Qxd6 Nxd6 31. Be6 b5 32. h3 Ra8 33. Rb2 Ra3 34. Rc1 Rda8 35. Rc6 Nc4 36. Rxb5 Ne5 37. Rcb6 Rxa2 38. Rb8+ Rxb8 39. Rxb8+ Kh7 40. d6 Rd2 41. d7 Nc6 42. Rc8 Rd6 43. Rxc6 1-0

[Event "Titled Tuesday intern op 17th Sep Early"]
[Site "Chess,com INT"]
[Date "2024.09.17"]
[Round "2"]
[White "Chekletsov, Ilya"]
[Black "Mahdavi, Reza"]
[Result "0-1"]
[WhiteElo "2338"]
[BlackElo "2394"]
[PlyCount "58"]
[EventDate "2024.09.17"]
[EventType "swiss (blitz)"]
[EventRounds "11"]
[EventCountry "USA"]
[SourceTitle "EXT 2025"]
[Source "ChessBase"]
[SourceDate "2024.10.14"]
[SourceVersion "1"]
[SourceVersionDate "2024.10.14"]
[SourceQuality "1"]

1. d4 Nf6 2. c4 g6 3. Nc3 d5 4. Nf3 Bg7 5. h4 c6 6. Bg5 dxc4 7. e4 b5 8. e5 Nd5 9. h5 h6 10. hxg6 fxg6 11. Bd2 Bg4 12. Rh4 h5 13. Qc2 Bf5 14. Qd1 Nb4 15. Rc1 Nd7 16. Nxb5 Nxa2 17. Na3 Nxc1 18. Qxc1 c5 19. Nxc4 cxd4 20. Bg5 Rc8 21. Nd6+ exd6 22. Qd2 Qb6 23. Rxd4 Nxe5 24. Rxd6 Nxf3+ 25. gxf3 Rc1+ 26. Qxc1 Qxd6 27. Bb5+ Kf7 28. Qc4+ Be6 29. Qe4 Qe5 0-1

[Event "Titled Tuesday intern op 03rd Sep Early"]
[Site "Chess.com INT"]
[Date "2024.09.03"]
[Round "2"]
[White "Ashraf, Artin"]
[Black "Chekletsov, Ilya"]
[Result "1/2-1/2"]
[WhiteElo "2388"]
[BlackElo "2338"]
[PlyCount "109"]
[EventDate "2024.09.03"]
[EventType "swiss (blitz)"]
[EventRounds "11"]
[EventCountry "USA"]
[SourceTitle "EXT 2025"]
[Source "ChessBase"]
[SourceDate "2024.10.14"]
[SourceVersion "1"]
[SourceVersionDate "2024.10.14"]
[SourceQuality "1"]

1. Nf3 Nf6 2. g3 b5 3. e3 a6 4. d4 Bb7 5. Bg2 e6 6. 0-0 c5 7. a4 b4 8. c4 a5 9. d5 exd5 10. Nh4 g6 11. cxd5 Bg7 12. e4 d6 13. Nd2 0-0 14. Re1 Ba6 15. Bf1 Bxf1 16. Kxf1 Nbd7 17. Ng2 Nb6 18. Ne3 Re8 19. Nec4 Nxc4 20. Nxc4 Nxe4 21. Bf4 g5 22. Be3 h6 23. Kg2 Ra7 24. f3 Nf6 25. b3 Rae7 26. Ra2 Nd7 27. Rae2 Ne5 28. Nb2 Ng4 29. Nc4 Nxe3+ 30. Nxe3 Bd4 31. Nf5 Rxe2+ 32. Rxe2 Rxe2+ 33. Qxe2 Qf6 34. Qe8+ Kh7 35. Qe4 Kg8 36. Qe8+ Kh7 37. Ne7 Qg7 38. Nc6 c4 39. Qe4+ f5 40. Qxf5+ Kh8 41. Qc8+ Kh7 42. Qf5+ Kh8 43. Qe4 cxb3 44. Nxd4 b2 45. Nb3 Qc3 46. Nxa5 Qd2+ 47. Kh3 Qc1 48. Qe8+ Kg7 49. Qe7+ Kg8 50. Qe6+ Kg7 51. Qe7+ Kg8 52. Qe8+ Kg7 53. Qd7+ Kg8 54. Qe6+ Kg7 55. Qe7+ 1/2-1/2

[Event "Titled Tuesday intern op 03rd Sep Early"]
[Site "Chess.com INT"]
[Date "2024.09.03"]
[Round "11"]
[White "Chekletsov, Ilya"]
[Black "Matveeva, Olga"]
[Result "1-0"]
[WhiteElo "2338"]
[BlackElo "2196"]
[PlyCount "115"]
[EventDate "2024.09.03"]
[EventType "swiss (blitz)"]
[EventRounds "11"]
[EventCountry "USA"]
[SourceTitle "EXT 2025"]
[Source "ChessBase"]
[SourceDate "2024.10.14"]
[SourceVersion "1"]
[SourceVersionDate "2024.10.14"]
[SourceQuality "1"]

1. d4 d5 2. c4 e6 3. g3 Nf6 4. Bg2 Bb4+ 5. Nd2 0-0 6. Ngf3 dxc4 7. Qc2 b5 8. a4 c6 9. axb5 cxb5 10. Ng5 h6 11. Bxa8 hxg5 12. 0-0 Qxd4 13. Nf3 Qg4 14. Rxa7 Bc5 15. Ra5 Bd7 16. Nxg5 Nc6 17. Ra1 Nd4 18. Qd1 Nxe2+ 19. Kh1 Nxc1 20. Qxc1 Nd5 21. Ra7 f6 22. Rxd7 Rxa8 23. Nf7 Qf3+ 24. Kg1 Ne3 25. fxe3 Bxe3+ 26. Qxe3 Qxe3+ 27. Kg2 Ra2 28. Rf2 Ra1 29. Nd8 Qe4+ 30. Kh3 f5 31. Re7 Qg4+ 32. Kg2 e5 33. Rxe5 Rd1 34. Ne6 Rd4 35. Nf4 Re4 36. Rxb5 c3 37. bxc3 Rc4 38. Rf3 Qg5 39. Rd5 Qe7 40. Rdd3 Qe4 41. Rde3 Qa8 42. Kf2 Re4 43. Rxe4 fxe4 44. Re3 Kf7 45. h4 Kf6 46. Ne2 Ke5 47. Nf4 Qa2+ 48. Ne2 Qc2 49. Kf1 Qd2 50. Kf2 Kd5 51. g4 Ke5 52. h5 Qc2 53. Kg3 Qd2 54. Kf2 Qc2 55. Rg3 Qd2 56. g5 Qc2 57. h6 gxh6 58. gxh6 1-0

[Event "Titled Tuesday intern op 27th Aug Early"]
[Site "Chess.com INT"]
[Date "2024.08.27"]
[Round "9"]
[White "Bogaudinov, Rushan"]
[Black "Chekletsov, Ilya"]
[Result "1-0"]
[WhiteElo "1912"]
[BlackElo "2338"]
[PlyCount "93"]
[EventDate "2024.08.27"]
[EventType "swiss (blitz)"]
[EventRounds "11"]
[EventCountry "USA"]
[SourceTitle "EXT 2025"]
[Source "ChessBase"]
[SourceDate "2024.10.14"]
[SourceVersion "1"]
[SourceVersionDate "2024.10.14"]
[SourceQuality "1"]

1. e4 c5 2. Nc3 d6 3. g3 Nc6 4. Bg2 g6 5. d3 Bg7 6. Be3 e6 7. Qd2 h6 8. Nge2 Nd4 9. 0-0 Ne7 10. Bxd4 cxd4 11. Nb5 Nc6 12. c3 dxc3 13. bxc3 0-0 14. a4 a6 15. Nbd4 Na5 16. Rab1 Bd7 17. Qa2 Qe7 18. Rb6 Rfc8 19. Rfb1 Rc7 20. Qa3 Bf8 21. Qb4 Nc6 22. Nxc6 bxc6 23. a5 c5 24. Qb2 Bc6 25. h4 Bg7 26. d4 cxd4 27. cxd4 Kh7 28. Qb4 Bf8 29. h5 gxh5 30. d5 exd5 31. exd5 Bd7 32. Nd4 h4 33. Qb3 Re8 34. Qd3+ Kh8 35. Rxa6 hxg3 36. Qxg3 Qf6 37. Nc6 Bc8 38. Rab6 Bg7 39. a6 Bxa6 40. Rxa6 Rcc8 41. Ra7 Rf8 42. Rbb7 Rce8 43. Re7 Rxe7 44. Rxe7 Rc8 45. Qg4 Rxc6 46. Re8+ Kh7 47. Be4+ 1-0

[Event "Titled Tuesday intern op 27th Aug Early"]
[Site "Chess.com INT"]
[Date "2024.08.27"]
[Round "7"]
[White "Paragua, Megan Althea"]
[Black "Chekletsov, Ilya"]
[Result "1-0"]
[WhiteElo "2061"]
[BlackElo "2338"]
[PlyCount "79"]
[EventDate "2024.08.27"]
[EventType "swiss (blitz)"]
[EventRounds "11"]
[EventCountry "USA"]
[SourceTitle "EXT 2025"]
[Source "ChessBase"]
[SourceDate "2024.10.14"]
[SourceVersion "1"]
[SourceVersionDate "2024.10.14"]
[SourceQuality "1"]

1. e4 c5 2. Nf3 d6 3. d4 cxd4 4. Qxd4 Nc6 5. Bb5 Bd7 6. Bxc6 Bxc6 7. Nc3 e5 8. Qd3 h6 9. 0-0 Nf6 10. b3 b5 11. Nd2 Qb6 12. a4 b4 13. Nc4 Qd8 14. Nd5 Bxd5 15. exd5 Be7 16. a5 0-0 17. Ra4 Rb8 18. Bd2 Qd7 19. Bxb4 Qxa4 20. bxa4 Rxb4 21. Ne3 Rfb8 22. Nf5 Bf8 23. Qa6 Rxa4 24. Qxa7 Rb5 25. Qa8 Nxd5 26. a6 Rba5 27. h3 Nb6 28. Qe8 Nd5 29. Rd1 Nf6 30. Ne7+ Kh7 31. Qxf8 Rxa6 32. Qxf7 Ra1 33. Rxa1 Rxa1+ 34. Kh2 Ra7 35. Qg6+ Kh8 36. Nf5 d5 37. Nxh6 e4 38. Nf5 Rd7 39. Nxg7 Rxg7 40. Qxf6 1-0

[Event "Titled Tuesday intern op 20th Aug Early"]
[Site "Chess.com INT"]
[Date "2024.08.20"]
[Round "8"]
[White "Chekletsov, Ilya"]
[Black "Soto Hernandez, Henry"]
[Result "1-0"]
[WhiteElo "2338"]
[BlackElo "2481"]
[PlyCount "105"]
[EventDate "2024.08.20"]
[EventType "swiss (blitz)"]
[EventRounds "11"]
[EventCountry "USA"]
[SourceTitle "EXT 2025"]
[Source "ChessBase"]
[SourceDate "2024.10.14"]
[SourceVersion "1"]
[SourceVersionDate "2024.10.14"]
[SourceQuality "1"]

1. d4 Nf6 2. c4 c5 3. d5 b5 4. cxb5 a6 5. b6 d6 6. Nc3 Qxb6 7. a4 a5 8. e4 g6 9. Bb5+ Nbd7 10. Nf3 Bg7 11. 0-0 0-0 12. Re1 Qc7 13. h3 Nb6 14. Bf4 Nfd7 15. Bg3 Ne5 16. Nxe5 Bxe5 17. f4 Bd4+ 18. Bf2 Bxf2+ 19. Kxf2 e6 20. Kg1 exd5 21. Nxd5 Nxd5 22. Qxd5 Bb7 23. Qd3 Rad8 24. Rad1 d5 25. e5 d4 26. f5 Kh8 27. f6 Rg8 28. Rd2 Bd5 29. Qg3 g5 30. Bd3 c4 31. Bf5 Be6 32. Bxe6 fxe6 33. Qg4 Qb6 34. Kh1 d3 35. Qxc4 g4 36. Rxd3 Qf2 37. Rg1 gxh3 38. Rxh3 Rd1 39. Rxh7+ Kxh7 40. Qe4+ Kh6 41. Rxd1 Rg5 42. Rd3 Qf1+ 43. Kh2 Rh5+ 44. Rh3 Rxh3+ 45. Kxh3 Qh1+ 46. Kg3 Kg5 47. Qf4+ Kh5 48. f7 Qe1+ 49. Kh2 Qxe5 50. Qxe5+ Kg4 51. Qg3+ Kh5 52. f8Q e5 53. Qh8# 1-0

[Event "Titled Tuesday intern op 20th Aug Early"]
[Site "Chess.com INT"]
[Date "2024.08.20"]
[Round "6"]
[White "Norowitz, Yaacov"]
[Black "Chekletsov, Ilya"]
[Result "1-0"]
[WhiteElo "2402"]
[BlackElo "2338"]
[PlyCount "71"]
[EventDate "2024.08.20"]
[EventType "swiss (blitz)"]
[EventRounds "11"]
[EventCountry "USA"]
[SourceTitle "EXT 2025"]
[Source "ChessBase"]
[SourceDate "2024.10.14"]
[SourceVersion "1"]
[SourceVersionDate "2024.10.14"]
[SourceQuality "1"]

1. d4 Nf6 2. e3 b6 3. f4 Bb7 4. Nf3 d6 5. Bd3 g6 6. 0-0 Bg7 7. Nbd2 0-0 8. f5 c5 9. c3 e5 10. fxe6 fxe6 11. e4 Qe7 12. Qe2 Nbd7 13. Re1 e5 14. dxe5 Nxe5 15. Nxe5 dxe5 16. Nf3 Rad8 17. Bg5 h6 18. Bxf6 Bxf6 19. Rad1 Kg7 20. Bc4 Rxd1 21. Rxd1 Rd8 22. Bd5 Bxd5 23. Rxd5 Rxd5 24. exd5 e4 25. Nd2 e3 26. Nc4 Bg5 27. g3 h5 28. h4 Bh6 29. a4 Qe4 30. d6 Kf8 31. d7 Ke7 32. Qd1 Kd8 33. Nd6 e2 34. Nf7+ Ke7 35. d8Q+ Kxf7 36. Q1d7+ 1-0

[Event "Titled Tuesday intern op 13th Aug Late"]
[Site "Chess.com INT"]
[Date "2024.08.13"]
[Round "5"]
[White "Chekletsov, Ilya"]
[Black "Brancaleoni, Maurizio"]
[Result "1-0"]
[WhiteElo "2338"]
[BlackElo "2180"]
[PlyCount "43"]
[EventDate "2024.08.13"]
[EventType "swiss (blitz)"]
[EventRounds "11"]
[EventCountry "USA"]
[SourceTitle "EXT 2025"]
[Source "ChessBase"]
[SourceDate "2024.10.14"]
[SourceVersion "1"]
[SourceVersionDate "2024.10.14"]
[SourceQuality "1"]

1. d4 Nf6 2. c4 e6 3. g3 d5 4. Bg2 Bb4+ 5. Nd2 0-0 6. Ngf3 b6 7. cxd5 exd5 8. 0-0 Bb7 9. a3 Bd6 10. Ne5 Re8 11. Ndc4 Bf8 12. Bg5 h6 13. Bxf6 Qxf6 14. Ne3 c6 15. Rc1 Bd6 16. f4 Qe7 17. Nf5 Qd8 18. e4 f6 19. Qg4 Bf8 20. Nxh6+ Kh7 21. Qg6+ Kh8 22. Nef7# 1-0

[Event "Titled Tuesday intern op 13th Aug Late"]
[Site "Chess.com INT"]
[Date "2024.08.13"]
[Round "10"]
[White "Chekletsov, Ilya"]
[Black "Mikhalsky, Vladimir"]
[Result "1-0"]
[WhiteElo "2338"]
[BlackElo "2219"]
[PlyCount "65"]
[EventDate "2024.08.13"]
[EventType "swiss (blitz)"]
[EventRounds "11"]
[EventCountry "USA"]
[SourceTitle "EXT 2025"]
[Source "ChessBase"]
[SourceDate "2024.10.14"]
[SourceVersion "1"]
[SourceVersionDate "2024.10.14"]
[SourceQuality "1"]

1. d4 Nf6 2. c4 g6 3. Nc3 Bg7 4. e4 0-0 5. f4 d6 6. Nf3 c5 7. d5 b5 8. cxb5 a6 9. a4 e6 10. dxe6 Bxe6 11. e5 Ne8 12. Be3 axb5 13. Bxb5 Qc7 14. 0-0 Nc6 15. Nd5 Bxd5 16. Qxd5 Rc8 17. Rac1 Nb4 18. Qd2 Na2 19. Rc4 Rd8 20. Rd1 Qb7 21. Bxc5 Nc7 22. Bxd6 Nxb5 23. axb5 Qxb5 24. Qc2 Rfe8 25. b3 Ra8 26. Nd4 Qb6 27. Kh1 g5 28. Nf5 gxf4 29. Nxg7 Kxg7 30. Rxf4 Rec8 31. Qf5 Qxb3 32. Qf6+ Kg8 33. Rg4# 1-0

[Event "Titled Tuesday intern op 13th Aug Late"]
[Site "Chess.com INT"]
[Date "2024.08.13"]
[Round "4"]
[White "Chekletsov, Ilya"]
[Black "Oro, Faustino"]
[Result "0-1"]
[WhiteElo "2338"]
[BlackElo "2434"]
[PlyCount "60"]
[EventDate "2024.08.13"]
[EventType "swiss (blitz)"]
[EventRounds "11"]
[EventCountry "USA"]
[SourceTitle "EXT 2025"]
[Source "ChessBase"]
[SourceDate "2024.10.14"]
[SourceVersion "1"]
[SourceVersionDate "2024.10.14"]
[SourceQuality "1"]

1. d4 Nf6 2. c4 e6 3. g3 d5 4. Bg2 Be7 5. Nf3 0-0 6. 0-0 a5 7. Qc2 Nc6 8. a3 dxc4 9. Qxc4 a4 10. Nc3 Bd7 11. Bf4 Bd6 12. Bg5 Na5 13. Qd3 h6 14. Bxf6 Qxf6 15. e4 Qd8 16. Rad1 Be7 17. Rfe1 Nb3 18. h3 Bf6 19. Kh2 Re8 20. Re3 Bc6 21. e5 Be7 22. d5 exd5 23. Nxd5 Bc5 24. Re2 Qc8 25. Nf4 Rd8 26. Qxd8+ Qxd8 27. Rxd8+ Rxd8 28. e6 fxe6 29. Nxe6 Re8 30. Ng1 Bb5 0-1

[Event "Titled Tuesday intern op 13th Aug Late"]
[Site "Chess.com INT"]
[Date "2024.08.13"]
[Round "9"]
[White "Hosseinzadeh, Nima"]
[Black "Chekletsov, Ilya"]
[Result "1-0"]
[WhiteElo "2208"]
[BlackElo "2338"]
[PlyCount "83"]
[EventDate "2024.08.13"]
[EventType "swiss (blitz)"]
[EventRounds "11"]
[EventCountry "USA"]
[SourceTitle "EXT 2025"]
[Source "ChessBase"]
[SourceDate "2024.10.14"]
[SourceVersion "1"]
[SourceVersionDate "2024.10.14"]
[SourceQuality "1"]

1. e4 c5 2. Nf3 d6 3. d4 cxd4 4. Nxd4 Nf6 5. Nc3 g6 6. f3 Bg7 7. Be3 0-0 8. Qd2 Nc6 9. 0-0-0 d5 10. exd5 Nxd5 11. Nxc6 bxc6 12. Bd4 Bxd4 13. Qxd4 Qb6 14. Na4 Qc7 15. Nc5 Rd8 16. Bc4 Bf5 17. g4 Bxc2 18. Rd2 Nb6 19. Qc3 Rxd2 20. Kxd2 Qf4+ 21. Kxc2 Nxc4 22. Kb1 Rd8 23. Rc1 Nd2+ 24. Ka1 Qxf3 25. Qa5 Rd5 26. Qxa7 Nc4 27. Nd7 Kg7 28. Qa4 Nxb2 29. Kxb2 Rxd7 30. Qxc6 Rb7+ 31. Ka1 Qxc6 32. Rxc6 Rb4 33. h3 Re4 34. Rc3 h5 35. gxh5 gxh5 36. Kb2 f5 37. Kb3 e5 38. a4 Rd4 39. a5 Rd6 40. Rc5 Kf6 41. Rb5 f4 42. Kc4 1-0

[Event "Titled Tuesday intern op 13th Aug Late"]
[Site "Chess.com INT"]
[Date "2024.08.13"]
[Round "3"]
[White "Metpally, Jason"]
[Black "Chekletsov, Ilya"]
[Result "0-1"]
[WhiteElo "2167"]
[BlackElo "2338"]
[PlyCount "52"]
[EventDate "2024.08.13"]
[EventType "swiss (blitz)"]
[EventRounds "11"]
[EventCountry "USA"]
[SourceTitle "EXT 2025"]
[Source "ChessBase"]
[SourceDate "2024.10.14"]
[SourceVersion "1"]
[SourceVersionDate "2024.10.14"]
[SourceQuality "1"]

1. d4 Nf6 2. c4 e6 3. g3 d5 4. Bg2 dxc4 5. Nf3 Bd7 6. Ne5 Bc6 7. Nxc6 Nxc6 8. 0-0 Qd7 9. e3 Rd8 10. Nd2 e5 11. Nxc4 exd4 12. exd4 Be7 13. Re1 0-0 14. Bxc6 Qxc6 15. Na5 Qb6 16. Nxb7 Bb4 17. Nxd8 Bxe1 18. Qxe1 Rxd8 19. Qe7 Re8 20. Qc5 Re1+ 21. Kg2 Qb7+ 22. Kh3 h6 23. b3 Qf3 24. Bb2 Rxa1 25. Bxa1 Ne4 26. Qe5 Nxf2+ 0-1